Statystyki dla 10 Największych Miast Województwa Lubuskiego

Kliknij tutaj aby rozwiązać quiz!

Ogólne statystyki

  • Ten quiz został rozwiązany 1 060 razy
  • Średni wynik to 7 z 10

Statystyki odpowiedzi

Lp.Liczba LudnościMiasto% Poprawnych
1.140,297Zielona Góra
99%
2.123,921Gorzów Wielkopolski
97%
3.38,843Nowa Sól
73%
4.37,682Żary
73%
6.21,763Świebodzin
68%
5.25,812Żagań
66%
7.18,099Międzyrzecz
54%
10.16,773Słubice
53%
8.17,776Kostrzyn nad Odrą
51%
9.16,925Sulechów
42%

Rozkład punktacji

Percentyl według liczby udzielonych odpowiedzi

Procent ludzi z każdym wynikiem

Twoja historia wyników

Nie rozwiązałeś tego quizu